000 00732cam a2200217 i 4500
001 23280821
005 20260416163158.0
008 230816s2021 enk b 001 0 eng
020 _a9781108477741
_q(hardback)
020 _a9781108733052
_q(paperback)
050 0 0 _aKZ3275.S53
_bA35 2021
100 1 _aShaw, Malcolm N.
_q(Malcolm Nathan),
_d1947-
_eauthor.
245 1 0 _aInternational law /
_cMalcolm N. Shaw, QC, Sir Robert Jennings Professor of International Law, University of Leicester.
250 _a8th edi
260 _aCambridge
_bCambridge university press
_cc2017
300 _alxxxviii, 1033p,
_c26 cm
500 _aincludes index
650 0 _aInternational law.
700 _aShaw, Malcolm N.
942 _2lcc
_cBK
_n0
999 _c9239
_d9239